Vnútorný trh Európskej únie a jeho acquis
Jednou zo základných úloh Európskeho spoločenstva je vytvorenie spoločného trhu. Od spoločného k jednotnému/vnútornému trhu. Acquis communautaire vnútorného trhu.
Gespeichert in:
| 1. Verfasser: | |
|---|---|
| Weitere Verfasser: | |
| Format: | Buchkapitel |
| Sprache: | Slowakisch |
| Schlagworte: | |
| Tags: |
Keine Tags, Fügen Sie das erste Tag hinzu!
|
MARC
| LEADER | 00000naa a2200000 4500 | ||
|---|---|---|---|
| 001 | r041621 | ||
| 005 | 20230906081606.1 | ||
| 041 | 0 | |a slo | |
| 044 | |a SK | ||
| 245 | 1 | 0 | |a Vnútorný trh Európskej únie a jeho acquis |c Václav Libanský ; Preklad Gustafíková Yvona |
| 520 | |a Jednou zo základných úloh Európskeho spoločenstva je vytvorenie spoločného trhu. Od spoločného k jednotnému/vnútornému trhu. Acquis communautaire vnútorného trhu. | ||
| 610 | 2 | 0 | |a trh spoločný |
| 610 | 2 | 0 | |a trh vnútorný |
| 610 | 2 | 0 | |a Európska únia |
| 100 | 1 | |a Libánský, Václav | |
| 700 | 1 | |a Gustafíková, Yvona | |